| 000 | 01107nam a22002897a 4500 | ||
|---|---|---|---|
| 003 | OSt | ||
| 005 | 20260402110936.0 | ||
| 008 | 260402s1977 ti |||fr|||| 00| 0 ara d | ||
| 040 |
_a EG-GICUC _bara _c EG-GICUC _d EG-GICUC _erda |
||
| 041 | _aara | ||
| 082 | 0 | 4 |
_221 _a341.28 _bم ن . م |
| 092 | 0 | 4 | _221 |
| 099 | _aLaw1 11 341.28 م ن . م 1977 | ||
| 110 |
_aالمنظمة العربية للتربية و الثقافة و العلوم _eمؤلف. |
||
| 245 |
_aملف القدس / _cالمنظمة العربية للتربية و الثقافة و العلوم . |
||
| 264 | 1 |
_aتونس : _bالمنظمة العربية للتربية و الثقافة و العلوم , _c1977 . |
|
| 300 |
_a122 ; صفحة _c24 سم. |
||
| 336 |
_2rda content _atext |
||
| 337 |
_2rda media _aComputer |
||
| 338 |
_2rda carrier _aOnline Resource |
||
| 546 | _aالنص باللغة العربية | ||
| 650 | 1 | _aالقانون الدولي العام | |
| 650 | 1 | _aمناطق غير مستقلة | |
| 856 | 4 | 0 | _uhttps://fll.law.cu.edu.eg/fulltext/bks/B11-05574.pdf |
| 905 | _a59 | ||
| 942 |
_2ddc _n0 _cBK _e21 |
||
| 999 |
_c68403 _d68403 |
||